Sun Bowl Winners - Statistics

General Stats
  • This quiz has been taken 32 times
  • The average score is 47 of 81
Answer Stats
Year Winner % Correct
1978 Texas
100%
1994 Texas
100%
1991 UCLA
95%
2005 UCLA
95%
2013 UCLA
95%
1957 George Washington
90%
1981 Oklahoma
90%
1993 Oklahoma
90%
2009 Oklahoma
90%
1963 Oregon
90%
1999 Oregon
90%
2007 Oregon
90%
2006 Oregon State
90%
2008 Oregon State
90%
1977 Texas A&M
90%
1979 Washington
90%
1997 Arizona State
85%
2004 Arizona State
85%
2014 Arizona State
85%
1983 Alabama
80%
1986 Alabama
80%
1988 Alabama
80%
1987 Oklahoma State
80%
1964 Georgia
75%
1948 Miami (Ohio)
75%
1969 Nebraska
75%
1980 Nebraska
75%
1952 Texas Tech
75%
2001 Washington State
75%
2015 Washington State
75%
1995 Iowa
70%
1971 LSU
70%
1990 Michigan State
70%
2003 Minnesota
70%
1939 Utah
70%
2011 Utah
70%
2000 Wisconsin
70%
1972 North Carolina
65%
1982 North Carolina
65%
2010 Notre Dame
65%
1998 TCU
65%
1950 Texas Western
65%
1954 Texas Western
65%
1955 Texas Western
65%
1965 Texas Western
65%
1967 UTEP
65%
1992 Baylor
60%
1970 Georgia Tech
60%
2012 Georgia Tech
60%
1974 Mississippi State
60%
1977 Stanford
60%
1996 Stanford
60%
2016 Stanford
60%
1968 Auburn
55%
1973 Missouri
55%
2017 North Carolina State
50%
2002 Purdue
45%
1956 Wyoming
45%
1958 Wyoming
45%
1966 Wyoming
45%
1946 New Mexico
40%
1960 New Mexico State
40%
1958 Louisville
35%
1975 Pittsburgh
35%
1989 Pittsburgh
35%
1938 West Virginia
30%
1949 West Virginia
30%
1943 Second Air Force
25%
1942 Tulsa
20%
1984 Maryland
15%
1961 Villanova
15%
1947 Cincinnati
5%
1959 New Mexico A&M
5%
1937 Hardin-Simmons
0%
1953 Pacific
0%
1944 Southwestern
0%
1945 Southwestern
0%
1940 Tie
0%
1941 Western Reserve
0%
1951 West Texas State
0%
1962 West Texas State
0%
No matching quizzes found
Score Distribution
Percent of People with Each Score
Percentile by Number Answered
Your Score History
You have not taken this quiz